000 01025nam a2200301 a 4500
001 59209
003 BD-RjUL
005 20211209080714.0
008 161222s1989 enka b 001 0 eng
020 _a0813376858 (alk. paper)
035 _aMITb10388479
035 _a(BD-RjUL) 59333
035 _aGLIS00388479
040 _aDLC
_cDLC
_dMYG
_dBD-RjUL
_beng
041 _aeng
082 _223
_a355.03307
_bUSC 1989
099 _aUA600.U18 1989
245 0 4 _aThe U.S.-Canada security relationship :
_bthe politics, strategy, and technology of defense /
_c David G. Haglund ; Joel J. Sokolsky.
260 _aBoulder, London :
_bWestview Press,
_cc1989.
300 _axi, 306 p. :
_bill. ;
_c23 cm.
490 1 _aStudies in global security
504 _aIncludes bibliographical references and index.
651 0 _aUnited States
_xMilitary relations
_zCanada.
_9176090
700 1 _aHaglund, David G.
_9176091
700 1 _aSokolsky, Joel J.
_9176092
830 0 _aStudies in global security.
_9176094
942 _2ddc
_cBK
999 _c59209
_d59209